000 00424nam a22001697a 4500
005 20160629170537.0
008 160629b xxu||||| |||| 00| 0 eng d
020 _a0-7069-9913-3
041 _aeng
082 _b10869
100 _aQazi, Zameeruddin and others
_93243
245 _aBusiness Mathematics
260 _aNew Delhi
_bVikas Publishing House,
_c2002
300 _a815
650 _aManagement
_9241
942 _cBK
999 _c4777
_d4775